De la mano de Cervantes : la lectura moderna de los clásicos (Registro nro. 169343)
[ vista simple ]
| 000 -CABECERA | |
|---|---|
| campo de control de longitud fija | 00844nab a2200277 a 4500 |
| 005 - FECHA Y HORA DE LA ÚLTIMA TRANSACCIÓN | |
| campo de control | 20210219162054.0 |
| 008 - ELEMENTOS DE LONGITUD FIJA--INFORMACIÓN GENERAL | |
| campo de control de longitud fija | 991125s1985 mx 000 0 spa u |
| 035 ## - NÚMERO DE CONTROL DEL SISTEMA | |
| Número de control de sistema | UPN01000197242 |
| 049 ## - COLECCIÓN | |
| Colección | ART-E |
| 100 1# - ASIENTO PRINCIPAL--NOMBRE PERSONAL | |
| Nombre de persona | Caro Valverde, María Teresa |
| 100 1# - ASIENTO PRINCIPAL--NOMBRE PERSONAL | |
| Filiación | maytecar@um.es |
| 222 ## - TÍTULO CLAVE | |
| Título clave | OCNOS : |
| Información calificativa | REVISTA DE ESTUDIOS SOBRE LECTURA |
| 245 ## - MENCIÓN DE TÍTULO | |
| Título | De la mano de Cervantes : la lectura moderna de los clásicos |
| 260 ## - PUBLICACIÓN, DISTRIBUCIÓN, ETC. | |
| Lugar de publicación, distribución, etc. | España |
| 300 ## - DESCRIPCIÓN FÍSICA | |
| Extensión | 89-106 |
| 362 0# - FECHAS DE PUBLICACIÓN Y/O DESIGNACIÓN SECUENCIAL | |
| Fecha de publicación y/o designación secuencial | 2013, no. 9 |
| 338 ## - TIPO DE SOPORTE | |
| Nombre/término del tipo de soporte | recurso en linea |
| 653 0# - TERMINO DE INDIZACION - NO CONTROLADO | |
| Término no controlado | COMPETENCIAS LECTORAS |
| 653 0# - TERMINO DE INDIZACION - NO CONTROLADO | |
| Término no controlado | LITERATURA CLASICA |
| 653 0# - TERMINO DE INDIZACION - NO CONTROLADO | |
| Término no controlado | PROCESOS DE LECTURA |
| 653 0# - TERMINO DE INDIZACION - NO CONTROLADO | |
| Término no controlado | FORMACION LECTORA |
| 700 1# - ASIENTO SECUNDARIO--NOMBRE DE PERSONAL | |
| Nombre de persona | González García, María, |
| Término indicativo de función/relación | coaut. |
| 856 1# - LOCALIZACIÓN Y ACCESO ELECTRÓNICOS | |
| Identificador Uniforme del Recurso | <a href="http://www.revista.uclm.es/index.php/ocnos/article/view/124/254">http://www.revista.uclm.es/index.php/ocnos/article/view/124/254</a> |
| 905 ## - TIPO DE MATERIAL | |
| Tipo de material | Articulo |
No hay ítems disponibles.